Vista normal Vista MARC

Entrada Personal Name

Número de registros utilizados en: 4

001 - CONTROL NUMBER

  • control field: 1839

003 - CONTROL NUMBER IDENTIFIER

  • control field: OSt

005 - DATE AND TIME OF LATEST TRANSACTION

  • control field: 20200325124131.0

008 - FIXED-LENGTH DATA ELEMENTS

  • fixed length control field: 200325|| aca||aabn | a|a d

040 ## - CATALOGING SOURCE

  • Original cataloging agency: OSt
  • Transcribing agency: OSt

100 ## - HEADING--PERSONAL NAME

  • Personal name: Revéiz, Edgar,

670 ## - SOURCE DATA FOUND

  • Source citation: Work cat.: (OSt)5711: Universidad de los Andes. Centro de estudios sobre desarrollo económico 1834, Poder e información : , 1977